| 000 | 00712nam a2200217Ia 4500 | ||
|---|---|---|---|
| 005 | 20220704191900.0 | ||
| 008 | 210716s2010 xx 000 0 und d | ||
| 020 | _a9780387717142 | ||
| 040 | _cAIMIT LIBRARY | ||
| 041 | _aeng | ||
| 082 |
_a006.66 _21 _bSUTS |
||
| 100 |
_aSutherland, Stuart. _946950 |
||
| 245 |
_aVerilog and system verilog gotchas: _b101 common coding errors and how to avoid them / _cBy Stuart Sutherland and Don Mills. |
||
| 250 | _a1st ed. | ||
| 260 |
_aNew Delhi : _bSpringer , _c2010. |
||
| 300 |
_axxii;214p. ; _bPB _c22.5 cm. |
||
| 650 |
_aModeling Gotchas. _946959 |
||
| 650 |
_aGeneral Programming. _946960 |
||
| 700 |
_aMills, Don. _946961 |
||
| 942 |
_2ddc _cBK _e1st _k006.66 SUTS |
||
| 999 |
_c191875 _d191875 |
||